000 00687nam a22002177a 4500
003 BD-DhJNU
005 20250319071054.0
008 250319b |||||||| |||| 00| 0 eng d
020 _a9780073531014
040 _aBD-DhJNU
_bENG
_cBD-DhJNU
_dBD-DhJNU
082 _223
_a573 REH
100 _aRelethford, John
245 _aThe human species :
_ban introduction to biological anthropology /
_cJohn Relethford
250 _a8th ed.
260 _aNew York :
_bMcGraw-Hill,
_c2010.
300 _a xxiii, 460p. :
_bill. ;
_c26 cm.
504 _a Includes bibliographical references and index
650 _aAnthropologie physique
650 _aPhysical anthropology
942 _2ddc
_cBK
_n0
999 _c1514
_d1514